Manejo de ertilizantes químicos y orgánicos.

שמור ב:
מידע ביבליוגרפי
מחבר תאגידי: Colegio de Postgraduados (autor)
מחברים אחרים: Salgado García, Sergio (coordinador), Núñez Escobar, Roberto (coordinador)
פורמט: לא ידוע
יצא לאור: Montecillo, Texcoco, México: Colegio de Postgraduados, 2010.
מהדורה:1a.edición.
סדרה:Biblioteca Básica de Agricultura.
נושאים:
תגים: הוספת תג
אין תגיות, היה/י הראשונ/ה לתייג את הרשומה!

MARC

LEADER 00000 a2200000 4500
003 CL-VaPUC
005 20250314121653.0
008 250310t2010 ||||| |||| 00| 0 eng d
999 |c 445641  |d 445639 
020 |a 9786077699057 
040 |c Pontificia Universidad Católica de Valparaíso 
082 7 |2 22  |a 631.8 COL 2010 
110 1 |a Colegio de Postgraduados   |e autor  |9 896478 
245 |a Manejo de ertilizantes químicos y orgánicos. 
250 |a 1a.edición. 
260 |a Montecillo, Texcoco, México:  |b Colegio de Postgraduados,  |c 2010. 
300 |a 146 páginas :  |b ilustraciones. 
490 |a Biblioteca Básica de Agricultura.  
583 |k GC  |c 20250310 
650 |a Fertilizantes  |x Químicos  |x Orgánicos  |9 896479 
650 |a Fertirrigación  |x Fertilizantes  |9 896480 
700 |a Salgado García, Sergio  |9 893663  |e coordinador 
700 |a Núñez Escobar, Roberto  |e coordinador  |9 896481 
942 |2 ddc  |c BK 
952 |0 0  |1 0  |2 ddc  |4 0  |6 631_800000000000000_COL_2010  |7 0  |8 A  |9 600631  |a BIBAGR  |b BIBAGR  |d 2025-03-05  |e 3  |g 25613.00  |i 5665547  |o 631.8 COL 2010  |p 5665547  |r 2025-03-05  |t 1  |v 25613.00  |w 2025-03-05  |y BK  |k AGR